000 00697nam a2200289Ia 4500
005 20260324124537.0
008 008 260324s9999 xx 000 0 eng d
020 _a9780429147463
037 _aEBOOK
040 _aCRL
040 _beng
040 _cCRL
041 _2eng
041 _aeng
084 _qCRL
100 _aSeung-Bok Choi; Young-Min Han
_91169172
245 0 _aPiezoelectric Actuators
245 0 _bControl Applications of Smart Materials
260 _bTaylor and Francis
260 _c2010
365 _a
365 _b370
856 _uhttp://www.taylorfrancis.com/books/9780429147463
942 _cEBOOK
999 _c1769026
_d1769026